Historia de la arquitectura mexicana / (Record no. 135072)

MARC details
000 -LEADER
fixed length control field 00652nam a22001937a 4500
005 - DATE AND TIME OF LATEST TRANSACTION
control field 20170626114922.0
008 - FIXED-LENGTH DATA ELEMENTS--GENERAL INFORMATION
fixed length control field 110711t mx ||||| |||| 00| 0 spa d
020 ## - INTERNATIONAL STANDARD BOOK NUMBER
International Standard Book Number 9688872601
050 04 - LIBRARY OF CONGRESS CALL NUMBER
Classification number NA750
Item number A53 2002
100 1# - MAIN ENTRY--PERSONAL NAME
Personal name Anda, Enrique X. de,
Fuller form of name Enrique Xavier de Anda Alanís
245 10 - TITLE STATEMENT
Title Historia de la arquitectura mexicana /
Statement of responsibility, etc Enrique X. de Anda.
250 ## - EDITION STATEMENT
Edition statement 2a. ed.
260 ## - PUBLICATION, DISTRIBUTION, ETC. (IMPRINT)
Place of publication, distribution, etc México :
Name of publisher, distributor, etc Gustavo Gili,
Date of publication, distribution, etc 2002
300 ## - PHYSICAL DESCRIPTION
Extent 253 p. :
Other physical details il. ;
Dimensions 20 cm.
504 ## - BIBLIOGRAPHY, ETC. NOTE
Bibliography, etc Bibliografía: p. 245-253
650 #7 - SUBJECT ADDED ENTRY--TOPICAL TERM
Source of heading or term lemb
Topical term or geographic name as entry element Arquitectura religiosa
Chronological subdivision Siglos XVI-XX
Geographic subdivision México
650 #7 - SUBJECT ADDED ENTRY--TOPICAL TERM
Source of heading or term lemb
Topical term or geographic name as entry element Arquitectura civil
Chronological subdivision Siglo XX
Geographic subdivision México
942 ## - ADDED ENTRY ELEMENTS (KOHA)
Source of classification or shelving scheme Biblioteca del Cogreso de los Estados Unidos
Koha item type Libro
Holdings
Estado de pérdida Fuente de clasificación Estado del daño No para préstamo Ubicación permanente Ubicación actual Apartado o colección Fecha de adquisición Edición Área del conocimiento Clasificación Código de Barras Date last seen Número de copia Tipo de recurso
  Biblioteca del Cogreso de los Estados Unidos     Biblioteca de la Facultad de Arquitectura Biblioteca de la Facultad de Arquitectura General 26/06/2017 2a ed. Educación y Humanidades NA750 A53 2002 BFA000002054 26/06/2017 C:1 Libro
  Biblioteca del Cogreso de los Estados Unidos     Biblioteca de la Facultad de Arquitectura Biblioteca de la Facultad de Arquitectura General 26/06/2017 2a ed. Educación y Humanidades NA750 A53 2002 BFA000002055 26/06/2017 C:2 Libro